01545nam a2200349 a 4500001001000000003000500010005001700015008004100032010001100073011001100084040000900095090001000104100004100114245014500155260004100300500006000341502008400401590004000485590004000525590004000565650005500605650005000660650005000710650004700760856007000807901000700877942001000884942000600894999001900900952014000919952013601059000113372CHAP20220329144351.0170613s2016 mx a fsm |||||||spa d a109833 a110805 cCHAP aTesis1 aGonzález Pérez, Cristina913258510aSujeto-mujer en la gestión del agua, en el municipio de Tianguistengo, estado de Hidalgo /h[En línea]cpor Cristina González Pérez. aChapingo, Méx. :bEl autor,c2016. aPara ver el contenido del material haga clic en la liga aTesis (Ph. D. en Ciencias Agrarias) -- UACH. Departamento de Sociología Rural aE8697GMMb05c20170613lUCH01h1221 aE8697GMMb05c20170613lUCH01h1254 aE8697GMMb05c20170613lUCH01h143714aAguaxAdministraciónxEnfoque de genero.913259114aMujer en comunidades ruralesxHidalgo.97937314aMujerxActividad políticazHidalgo.913259014aMujerxSituación socialzHidalgo.979356 aFinding aiduhttp://10.13.5.2/tesis/sist113372.pdfzTeclea aquí aBK cTESIS n0 c109833d109833 00102local4053708TESISaBCbBCcPA_TESISd2017-06-13fTESISl0oTesisp33724002526173r2019-12-31 00:00:00tc.2w2019-12-31yTESIS 00104054718TESISaBCbBCd2017-06-13fTESISl0oTesisp33724002526215r2019-12-31 00:00:00w2019-12-31yTESISzRecien adquirido